Города Испании по населению - Statistics

General Stats
  • This quiz has been taken 26 times
  • The average score is 19 of 153
Answer Stats
Место Население Город % Correct
2 1 713 247 Барселона
100%
1 3 477 497 Мадрид
93%
3 841 558 Валенсия
86%
5 688 714 Севилья
79%
11 350 957 Бильбао
71%
6 597 173 Малага
64%
14 295 735 Виго
64%
18 251 277 Ла-Корунья
57%
24 223 576 Овьедо
50%
13 301 798 Вальядолид
43%
20 235 294 Гранада
43%
40 175 068 Альбасете
43%
59 110 123 Кадис
43%
145 53 634 Вильяреал
43%
4 699 007 Сарагоса
36%
7 477 631 Мурсия
36%
8 443 196 Пальма-де-Майорка
36%
9 384 023 Лас Пальмас-де-Гран-Канария
36%
12 324 159 Кордоба
36%
19 245 575 Эльче
36%
30 204 772 Альмерия
36%
33 195 628 Хетафе
36%
35 189 507 Сан-Себастьян
36%
61 108 352 Жирона
36%
72 97 330 Сан-Себастьян-де-лос-Рейес
36%
85 87 074 Толедо
36%
16 271 259 Хихон
29%
17 260 402 Витория
29%
39 175 082 Сантандер
29%
46 145 583 Саламанка
29%
128 60 319 Мерида
29%
15 292 161 Оспиталет-де-Льобрегат
21%
29 209 676 Памплона
21%
32 195 946 Леганес
21%
37 178 370 Бургос
21%
42 160 487 Марбелья
21%
54 124 091 Леон
21%
139 55 033 Уэска
21%
10 365 586 Аликанте
14%
22 230 642 Бадалона
14%
25 220 400 Картахена
14%
26 215 025 Херес-де-ла-Фронтера
14%
36 183 709 Кастельон-де-ла-Плана
14%
44 150 870 Бадахос
14%
68 100 071 Луго
14%
86 87 067 Мелилья
14%
92 83 567 Сеута
14%
21 232 676 Терраса
7%
23 224 589 Сабадель
7%
28 211 498 Санта-Крус-де-Тенерифе
7%
34 189 814 Фуэнлабрада
7%
43 151 681 Логроньо
7%
48 143 774 Уэльва
7%
49 143 260 Таррагона
7%
53 126 500 Альхесирас
7%
57 112 119 Хаэн
7%
58 111 911 Реус
7%
62 105 609 Оренсе
7%
66 100 842 Сантьяго-де-Компостела
7%
69 99 579 Лас Росас-де-Мадрид
7%
73 96 598 Касерес
7%
75 93 490 Сан-Фернандо
7%
76 92 978 Гвадалахара
7%
90 84 413 Талавера-де-ла-Рейна
7%
103 77 369 Паленсия
7%
105 76 087 Сьюдад-Реаль
7%
110 73 416 Сагунто
7%
114 69 952 Санлукар-де-Баррамеда
7%
119 66 251 Эль-Прат-де-Льобрегат
7%
125 63 112 Понферрада
7%
132 59 480 Авила
7%
137 55 689 Линарес
7%
141 54 628 Ибица
7%
144 53 761 Куэнка
7%
150 52 189 Сеговия
7%
27 214 293 Мостолес
0%
31 202 549 Алькала-де-Энарис
0%
38 176 806 Алькоркон
0%
41 161 927 Сан-Кристобаль-де-ла-Лагуна
0%
45 147 369 Льейда
0%
47 144 211 Торрехон-де-Ардос
0%
50 142 463 Дос Эрманас
0%
51 138 012 Парла
0%
52 131 370 Матаро
0%
55 123 250 Санта-Колома-де-Граменет
0%
56 123 222 Алькобендас
0%
60 110 054 Рокетас-де-Мар
0%
63 104 933 Тельде
0%
64 103 243 Ривас Васиамадрид
0%
65 103 084 Баракальдо
0%
67 100 470 Торревьеха
0%
70 98 613 Лорка
0%
71 97 959 Сан Кугат-де-Вальес
0%
74 94 320 Михас
0%
77 92 255 Корнелья-де-Льобрегат
0%
78 91 353 Торрент
0%
79 90 997 Чиклана-де-ла-Фронтера
0%
80 90 617 Эль-Эхидо
0%
81 90 242 Эль-Пуэрто-де-Санта-Мария
0%
82 89 474 Посуэло-де-Аларкон
0%
83 89 036 Арона
0%
84 87 798 Велес Малага
0%
87 86 078 Вальдеморо
0%
88 85 317 Сан-Бой-де-Льобрегат
0%
89 84 857 Фуэнхирола
0%
91 84 279 Ориуэла
0%
93 83 339 Понтеведра
0%
94 82 909 Гандия
0%
95 82 825 Руби
0%
96 80 692 Манреса
0%
97 80 365 Кослада
0%
98 79 593 Эстепона
0%
99 79 506 Санта-Лусия-де-Тирахана
0%
100 78 787 Бенальмадена
0%
101 78 210 Молина-де-Сегура
0%
102 77 718 Алькала-де-Гуадайра
0%
104 77 211 Бенидорм
0%
106 75 967 Хечо
0%
107 75 915 Авилес
0%
108 75 805 Патерна
0%
109 73 662 Махадаонда
0%
111 71 305 Вильянуэва-и-Хельтру
0%
112 71 270 Торремолинос
0%
113 70 265 Арресифе
0%
115 69 689 Кастельдефельс
0%
116 67 956 Кольядо-Вильяльба
0%
117 67 536 Виладеканс
0%
118 66 319 Боадилья-дель-Монте
0%
120 65 420 Ла-Линеа-де-ла-Консепсьон
0%
121 65 123 Гранольерс
0%
122 64 903 Ферроль
0%
123 63 838 Аранкуэс
0%
124 63 737 Ирун
0%
126 61 613 Алькой
0%
127 60 428 Сант-Висент-дель-Распейг
0%
129 60 160 Мотриль
0%
130 60 105 Арганда-дель-Рей
0%
131 59 857 Замора
0%
133 59 126 Гранадилья-де-Абона
0%
134 58 654 Кольменар-Вьехо
0%
135 58 264 Серданьола-дель-Вальес
0%
136 56 592 Пинто
0%
138 55 554 Эльда
0%
140 54 925 Сан-Бартоломе-де-Тирахана
0%
142 54 506 Трес-Кантос
0%
143 54 082 Кальвиа
0%
146 52 997 Сьеро
0%
147 52 759 Мольет-дель-Вальес
0%
148 52 489 Утрера
0%
149 52 355 Ринкон-де-ла-Виктория
0%
151 51 688 Торрелавега
0%
152 50 612 Адехе
0%
153 50 405 Вик
0%
No matching quizzes found
Score Distribution
Percent of People with Each Score
Percentile by Number Answered
Your Score History
You have not taken this quiz